Oakey's perfect day (Record no. 1344)

MARC details
000 -LEADER
fixed length control field 00939nam a22002297a 4500
005 - DATE AND TIME OF LATEST TRANSACTION
control field 20230818095336.0
020 ## - INTERNATIONAL STANDARD BOOK NUMBER
International Standard Book Number 9781407503479
040 ## - CATALOGING SOURCE
Original cataloging agency FISKH
Language of cataloging eng
Transcribing agency FISKH
Modifying agency FISKH
082 ## - DEWEY DECIMAL CLASSIFICATION NUMBER
Classification number 823.92
100 ## - MAIN ENTRY--PERSONAL NAME
Personal name Harker, Julian
245 ## - TITLE STATEMENT
Title Oakey's perfect day
Statement of responsibility, etc. Written by Killian Harker, Illustrated by Andy Everitt-Stewart
250 ## - EDITION STATEMENT
Edition statement This edition published in 2007
260 ## - PUBLICATION, DISTRIBUTION, ETC.
Place of publication, distribution, etc. Bath :
Name of publisher, distributor, etc. Parragon,
Date of publication, distribution, etc. 2006
300 ## - PHYSICAL DESCRIPTION
Extent 25 unnumbered pages :
Other physical details color illustrations ;
Dimensions 20 cm
505 ## - FORMATTED CONTENTS NOTE
Formatted contents note F
520 ## - SUMMARY, ETC.
Summary, etc. "Oakey goes exploring, making some new friends along the way. But when he gets lost in the big, wide world, who will help Oakey? Luckily Duck, Pig, and Horse come to the rescue and lead him safely back home. Oakey's exciting day has been ... just perfect!"--P. [4] of cover.
521 ## - TARGET AUDIENCE NOTE
Target audience note 300 <br/>
Source Lexile estimate
521 ## - TARGET AUDIENCE NOTE
Target audience note F <br/>
Source Raz-Plus
942 ## - ADDED ENTRY ELEMENTS (KOHA)
Source of classification or shelving scheme Dewey Decimal Classification
Koha item type Books
Suppress in OPAC No
999 ## -
-- 1344
-- 1344
Holdings
Withdrawn status Lost status Source of classification or shelving scheme Damaged status Not for loan Collection Home library Current library Shelving location Date acquired Total Checkouts Full call number Barcode Date last seen Date last checked out Price effective from Koha item type
    Dewey Decimal Classification     Juvenile Fiction Footprints International School Library Network Toul Kork Campus Footprints International School Library Network Toul Kork Campus TK Primary Library Room(4th Floor), Bookcase 7, Shelves 57-60, Dark Green Books 08/18/2023 3 HAR 823.92 PZ7 FISBK05414 02/10/2026 02/03/2026 08/18/2023 Books